NLSUI OPAC header image

Human rights and poverty in India : Theoretical issues and emphirical evidences Vol. IV (Record no. 32375)

MARC details
000 -LEADER
fixed length control field 01137nam a2200217Ia 4500
003 - CONTROL NUMBER IDENTIFIER
control field OSt
005 - DATE AND TIME OF LATEST TRANSACTION
control field 20210525115914.0
008 - FIXED-LENGTH DATA ELEMENTS--GENERAL INFORMATION
fixed length control field 160316s2005 xxu||||| |||| 00| 0 eng d
020 ## - INTERNATIONAL STANDARD BOOK NUMBER
International Standard Book Number 9788180691805
040 ## - CATALOGING SOURCE
Transcribing agency n
082 ## - DEWEY DECIMAL CLASSIFICATION NUMBER
Classification number 342.085000
Item number CHA-IV
100 ## - MAIN ENTRY--PERSONAL NAME
Personal name Chaudhary S N
245 ## - TITLE STATEMENT
Title Human rights and poverty in India : Theoretical issues and emphirical evidences Vol. IV
260 ## - PUBLICATION, DISTRIBUTION, ETC.
Place of publication, distribution, etc. New Delhi
Name of publisher, distributor, etc. Concept Publishing Co.
Date of publication, distribution, etc. 2005
300 ## - PHYSICAL DESCRIPTION
Extent 297p
Dimensions xvii
365 ## - TRADE PRICE
Price amount Rs. 600
505 ## - FORMATTED CONTENTS NOTE
Formatted contents note Contents<br/>National and International 1<br/>Some Issues 20<br/>The Pitfalls in the Logistics of Globalization Leading 47<br/>Cruel Concept Against the Poor 75<br/>Poverty Human Rights and Women 97<br/>A Case of Violated Human 118<br/>Present Day Dimensions of Gender Injustice 128<br/>A Study with 150<br/>The Problem of Jural Determination of Womans Human 160<br/>Mentally Disordered Women and Violation of their 171<br/>Victims of Poverty and Societal Neglect 177<br/>Strengths 190<br/>An Extension of Girl Childs Right to 205<br/>Durban 222<br/>Index 236<br/>Copyright
650 ## - SUBJECT ADDED ENTRY--TOPICAL TERM
Topical term or geographic name entry element 1. Human Rights - India2. Human Rights - Poverty - India
700 ## - ADDED ENTRY--PERSONAL NAME
Personal name
--
942 ## - ADDED ENTRY ELEMENTS (KOHA)
Source of classification or shelving scheme Dewey Decimal Classification
Koha item type BOOKs
Holdings
Withdrawn status Lost status Damaged status Not for loan Home library Current library Shelving location Date acquired Cost, normal purchase price Total Checkouts Full call number Barcode Date last seen Price effective from Koha item type
        NLS NLS   30/05/2017 600.00   342.085 CHA-IV 29289 30/05/2017 30/05/2017 BOOKs